Teach yourself Dos

Bibliographic Details
Main Author: Schildt, Herbert
Format: Book
Published: California : Osborne McGraw-Hill , 1990
Series:Covers MS-DOS and PC-DOS
Subjects:

MARC

LEADER 00000cam a2200000 7i4500
001 0000005093
002 000005496
005 20080130.0
020 |a 0078816300 
090 0 0 |a 005.43   |b SCH 
100 1 |a Schildt, Herbert 
245 1 0 |a Teach yourself Dos   |c Schildt Herbert 
260 |a California :   |b Osborne McGraw-Hill ,   |c 1990 
300 |a 478p. ;   |c 25cm. 
490 0 |a Covers MS-DOS and PC-DOS 
650 0 0 |a Operating system (Computers) 
999 |a 037593   |b BUKU   |c PINJAMAN   |e PERPUSTAKAAN KOMUNITI PETALING JAYA 
999 |a 037594   |b BUKU   |c PINJAMAN   |e PERPUSTAKAAN KOMUNITI PETALING JAYA